[Event "aut_ychg12_2008"]
[Site "Wien - JGH Brigittenau"]
[Date "2008.05.12"]
[Round "5.1"]
[White "Schnegg, Anna-Lena"]
[Black "Krassnitzer, Maria"]
[Result "1-0"]
[WhiteElo "1561"]
[BlackElo "1371"]
[PlyCount "93"]
[EventDate "2008.05.10"]

1. f4 d5 2. Nf3 Nc6 3. g3 Bg4 4. Bg2 Nf6 5. h3 Bd7 6. O-O e6 7. b3 Ne4 8. Kh2
Bd6 9. Bb2 f6 10. a3 Qe7 11. d3 Nc5 12. b4 Na4 13. Qc1 Nxb2 14. Qxb2 e5 15.
fxe5 Nxe5 16. Nbd2 O-O-O 17. c4 dxc4 18. Nxc4 h5 19. Ncxe5 fxe5 20. e4 Rdf8 21.
Rfe1 g5 22. d4 exd4 23. e5 h4 24. g4 Bxe5+ 25. Nxe5 Qd6 26. Kh1 Bb5 27. a4 Re8
28. Nf7 Qg3 29. Qd2 Rhf8 30. axb5 Rxe1+ 31. Qxe1 Qxe1+ 32. Rxe1 Rxf7 33. Re5
Rd7 34. Rxg5 d3 35. Rg8+ Rd8 36. Bxb7+ Kd7 37. Rxd8+ Kxd8 38. Be4 d2 39. Bf3
Kd7 40. Kg1 Kd6 41. Kf2 Ke5 42. Ke3 d1=Q 43. Bxd1 Kd5 44. Kf4 Kc4 45. Be2+ Kxb4
46. g5 Kc5 47. g6 1-0

[Event "aut_ychg12_2008"]
[Site "Wien - JGH Brigittenau"]
[Date "2008.05.12"]
[Round "5.2"]
[White "Hiebler, Laura"]
[Black "Berger, Lisa"]
[Result "1-0"]
[WhiteElo "1545"]
[BlackElo "1467"]
[PlyCount "69"]
[EventDate "2008.05.10"]

1. e4 e5 2. Nf3 d6 3. d4 Be7 4. dxe5 dxe5 5. Qxd8+ Bxd8 6. Nxe5 Nf6 7. Nc3 Be6
8. Bd3 O-O 9. O-O c6 10. Be3 Re8 11. Nf3 Nbd7 12. Rfe1 b5 13. Bg5 h6 14. Bxf6
Bxf6 15. e5 b4 16. exf6 bxc3 17. bxc3 Nxf6 18. Nd4 Bd7 19. Rxe8+ Rxe8 20. Kf1
a6 21. Re1 a5 22. Rxe8+ Bxe8 23. f3 c5 24. Nf5 Kf8 25. Nd6 g5 26. Nb7 Nd5 27.
c4 Nb4 28. a3 Nxd3 29. cxd3 Ba4 30. Nxc5 Bc2 31. Ke2 a4 32. Kd2 Bb3 33. Nxb3
axb3 34. Kc3 f5 35. Kxb3 1-0

[Event "aut_ychg12_2008"]
[Site "Wien - JGH Brigittenau"]
[Date "2008.05.12"]
[Round "5.3"]
[White "Hoelzl, Sarah"]
[Black "Zoehrer, Sarah"]
[Result "1-0"]
[WhiteElo "1397"]
[BlackElo "1487"]
[PlyCount "85"]
[EventDate "2008.05.10"]

1. d4 g6 2. c4 Bg7 3. Nc3 Nf6 4. Nf3 d6 5. Bg5 O-O 6. e4 Bg4 7. h3 Bxf3 8. Qxf3
Nfd7 9. O-O-O Nc6 10. d5 Nd4 11. Qe3 c5 12. dxc6 Nxc6 13. Bh6 e6 14. Bxg7 Kxg7
15. Rxd6 Qe7 16. Rd1 Rac8 17. Be2 b6 18. h4 Nce5 19. Qd4 Qc5 20. f4 Rfd8 21.
fxe5 Qxe5 22. Qxe5+ Nxe5 23. Rxd8 Rxd8 24. Rd1 Rxd1+ 25. Kxd1 Kf6 26. Kd2 g5
27. hxg5+ Kxg5 28. Ke3 f5 29. exf5 Kxf5 30. Bd3+ Nxd3 31. Kxd3 Kf4 32. Ke2 e5
33. Nd5+ Ke4 34. Nf6+ Kd4 35. b3 h6 36. g4 e4 37. Ng8 e3 38. Nxh6 Ke4 39. Nf7
Kf4 40. g5 Kf5 41. Kxe3 Kg6 42. Nd6 Kxg5 43. Nc8 1-0

[Event "aut_ychg12_2008"]
[Site "Wien - JGH Brigittenau"]
[Date "2008.05.12"]
[Round "5.4"]
[White "Kogler, Alexandra"]
[Black "Trenkwalder, Verena"]
[Result "1-0"]
[WhiteElo "1494"]
[BlackElo "1437"]
[PlyCount "55"]
[EventDate "2008.05.10"]

1. d4 Nf6 2. c4 c5 3. e3 cxd4 4. exd4 e6 5. Nc3 g6 6. Nf3 Bg7 7. Bd3 O-O 8. Bf4
d5 9. O-O Nc6 10. Qd2 Re8 11. Bh6 Bh8 12. h3 Nh5 13. Be2 dxc4 14. g4 Nf6 15.
Bxc4 b6 16. Bg5 Qd6 17. d5 Ne7 18. dxe6 Rd8 19. Qxd6 Rxd6 20. exf7+ Kf8 21.
Rad1 Rxd1 22. Rxd1 Bb7 23. Ne5 Ne4 24. Nd7+ Kg7 25. Nxe4 Bxe4 26. Bxe7 h5 27.
f8=Q+ Rxf8 28. Bxf8+ 1-0

[Event "aut_ychg12_2008"]
[Site "Wien - JGH Brigittenau"]
[Date "2008.05.12"]
[Round "5.5"]
[White "Auer, Christine"]
[Black "Toldo, Theresa"]
[Result "0-1"]
[WhiteElo "1212"]
[BlackElo "1422"]
[PlyCount "20"]
[EventDate "2008.05.10"]

1. e4 e5 2. Nf3 Nc6 3. Nc3 Nf6 4. Bc4 Nxe4 5. Nxe4 d5 6. Bd3 dxe4 7. Bxe4 Nd4
8. Nxe5 Qe7 9. Nf3 Qxe4+ 10. Qe2 Qxe2# 0-1

[Event "aut_ychg12_2008"]
[Site "Wien - JGH Brigittenau"]
[Date "2008.05.12"]
[Round "5.6"]
[White "Roeck, Vanessa"]
[Black "Weyringer, Laura"]
[Result "0-1"]
[WhiteElo "1511"]
[BlackElo "1373"]
[PlyCount "34"]
[EventDate "2008.05.10"]

1. e4 e5 2. Nf3 Nc6 3. d4 exd4 4. Nxd4 Nf6 5. Nxc6 bxc6 6. e5 Nd5 7. c4 Ne7 8.
Bd3 d5 9. exd6 cxd6 10. O-O d5 11. c5 Ng6 12. Re1+ Be7 13. Bxg6 hxg6 14. b4 Qc7
15. Bb2 Qxh2+ 16. Kf1 Ba6+ 17. Re2 Qh1# 0-1

[Event "aut_ychg12_2008"]
[Site "Wien - JGH Brigittenau"]
[Date "2008.05.12"]
[Round "5.7"]
[White "Sprinzl, Annika"]
[Black "Strafinger, Elisabeth"]
[Result "0-1"]
[WhiteElo "1200"]
[BlackElo "1418"]
[PlyCount "34"]
[EventDate "2008.05.10"]

1. e4 e6 2. d4 d5 3. exd5 exd5 4. Bd3 Nf6 5. Ne2 h6 6. O-O Be7 7. Ng3 O-O 8.
Nh5 Nxh5 9. Qxh5 Qd6 10. Re1 Nc6 11. c3 Bd7 12. b4 Rfe8 13. b5 Na5 14. Nd2 Bg5
15. h4 Rxe1+ 16. Nf1 Rxc1 17. Rxc1 Bxc1 0-1

[Event "aut_ychg12_2008"]
[Site "Wien - JGH Brigittenau"]
[Date "2008.05.12"]
[Round "6.2"]
[White "Toldo, Theresa"]
[Black "Hoelzl, Sarah"]
[Result "0-1"]
[WhiteElo "1422"]
[BlackElo "1397"]
[PlyCount "72"]
[EventDate "2008.05.10"]

1. c4 c5 2. Nc3 Nc6 3. g3 Nf6 4. Nf3 e6 5. Bg2 d5 6. cxd5 exd5 7. Qa4 Bd7 8.
O-O Nd4 9. Qd1 Nxf3+ 10. Bxf3 d4 11. Nd5 Nxd5 12. Bxd5 Bh3 13. Re1 Qxd5 14. e4
Qe5 15. f4 Qf6 16. Qb3 Qc6 17. Qf3 Be6 18. d3 c4 19. f5 Bd7 20. Bf4 Bb4 21.
Rec1 b5 22. b3 Bc3 23. Rab1 O-O 24. Qg4 Rfe8 25. dxc4 bxc4 26. bxc4 Qxc4 27.
Bh6 g6 28. Rb7 Qc6 29. Rb4 Qxe4 30. Qxe4 Rxe4 31. Rb7 Rd8 32. f6 Re6 33. Bg7 h5
34. Rcb1 Ree8 35. Kg2 Bc6+ 36. Kh3 Bxb7 0-1

[Event "aut_ychg12_2008"]
[Site "Wien - JGH Brigittenau"]
[Date "2008.05.12"]
[Round "6.3"]
[White "Zoehrer, Sarah"]
[Black "Kogler, Alexandra"]
[Result "1-0"]
[WhiteElo "1487"]
[BlackElo "1494"]
[PlyCount "87"]
[EventDate "2008.05.10"]

1. e4 e5 2. Bc4 Nc6 3. Nf3 Nf6 4. d3 Bc5 5. Bg5 h6 6. Bh4 d6 7. Nc3 Be6 8. Nd5
Bxd5 9. Bxd5 O-O 10. O-O Qd7 11. Bxf6 gxf6 12. Nh4 Kh7 13. c3 Rg8 14. Nf5 Raf8
15. Qh5 Rg6 16. b4 Bb6 17. b5 Ne7 18. Nxe7 Qxe7 19. Bxb7 Rfg8 20. Qf5 Qe6 21.
g3 Qxf5 22. exf5 Rg5 23. Be4 h5 24. Kh1 Ba5 25. Rac1 h4 26. Bd5 R8g7 27. Rg1 h3
28. Bf3 Kh8 29. g4 Bb6 30. Rcf1 Ba5 31. c4 Bd2 32. Rb1 Bf4 33. Rb3 Rg8 34. Ra3
Rc8 35. Rxa7 Rg7 36. a4 Kh7 37. a5 Bd2 38. a6 Ba5 39. Rb7 Ra8 40. Rxc7 Rxa6 41.
bxa6 Bxc7 42. a7 Rg8 43. a8=Q Rxa8 44. Bxa8 1-0

[Event "aut_ychg12_2008"]
[Site "Wien - JGH Brigittenau"]
[Date "2008.05.12"]
[Round "6.4"]
[White "Krassnitzer, Maria"]
[Black "Weyringer, Laura"]
[Result "1-0"]
[WhiteElo "1371"]
[BlackElo "1373"]
[PlyCount "45"]
[EventDate "2008.05.10"]

1. e4 e5 2. Nf3 Nc6 3. Nc3 Nf6 4. d4 exd4 5. Nxd4 Nxd4 6. Qxd4 b6 7. Bg5 Be7 8.
Bc4 O-O 9. O-O Bb7 10. e5 h6 11. Be3 Nh7 12. Qg4 Bg5 13. f4 Bh4 14. Bd5 Bxd5
15. Nxd5 c6 16. Nc3 Re8 17. Rad1 d5 18. f5 Bg5 19. Rfe1 Rxe5 20. Bxg5 Qxg5 21.
Qxg5 Nxg5 22. Rxe5 f6 23. Re7 1-0

[Event "aut_ychg12_2008"]
[Site "Wien - JGH Brigittenau"]
[Date "2008.05.12"]
[Round "6.5"]
[White "Berger, Lisa"]
[Black "Strafinger, Elisabeth"]
[Result "1/2-1/2"]
[WhiteElo "1467"]
[BlackElo "1418"]
[PlyCount "114"]
[EventDate "2008.05.10"]

1. d4 d5 2. c4 e6 3. Nc3 Nf6 4. Nf3 Be7 5. cxd5 exd5 6. Bg5 h6 7. Bd2 O-O 8. e3
Bg4 9. Be2 Re8 10. O-O Nc6 11. Rb1 Bb4 12. a3 Bd6 13. h3 Bf5 14. Ra1 Be4 15. b4
a5 16. bxa5 Nxa5 17. Nb5 Nc6 18. Nxd6 Qxd6 19. a4 Bxf3 20. Bxf3 Ne4 21. Be1 Qg6
22. Qb3 Ne7 23. Qxb7 Rac8 24. Bxe4 Qxe4 25. Rc1 Nf5 26. g3 Nd6 27. Qb3 Qe6 28.
Kh2 Red8 29. Ba5 Rd7 30. Rc2 f6 31. Rfc1 Qf7 32. Rc5 Ne4 33. R5c2 Nd6 34. f3
Nc4 35. Bd2 Qh5 36. g4 Qh4 37. Be1 Qg5 38. f4 Qg6 39. Kg3 Re7 40. Bf2 Rce8 41.
Rc3 Nd2 42. Qc2 Ne4+ 43. Kf3 Nxc3 44. Qxg6 Ne4 45. Ra1 Nxf2 46. Kxf2 Rxe3 47.
h4 Re2+ 48. Kf1 R2e4 49. Qf5 Rxd4 50. g5 Ree4 51. Qc8+ Kh7 52. Qxc7 Rxf4+ 53.
Ke2 Rde4+ 54. Kd2 Rd4+ 55. Ke3 Rde4+ 56. Kd3 Rd4+ 57. Ke2 Rde4+ 1/2-1/2

[Event "aut_ychg12_2008"]
[Site "Wien - JGH Brigittenau"]
[Date "2008.05.12"]
[Round "6.6"]
[White "Trenkwalder, Verena"]
[Black "Dalnodar, Martina"]
[Result "1-0"]
[WhiteElo "1437"]
[BlackElo "1402"]
[PlyCount "37"]
[EventDate "2008.05.10"]

1. e4 e5 2. Nf3 Nc6 3. Bb5 Bc5 4. c3 Be7 5. d4 exd4 6. cxd4 d6 7. d5 a6 8. Ba4
b5 9. Bc2 Nb4 10. Bb3 Nf6 11. a3 c5 12. axb4 cxb4 13. Qd3 O-O 14. O-O Qd7 15.
h3 Nh5 16. Bc2 Nf4 17. Bxf4 Bf6 18. e5 Be7 19. Qxh7# 1-0

[Event "aut_ychg12_2008"]
[Site "Wien - JGH Brigittenau"]
[Date "2008.05.12"]
[Round "6.7"]
[White "Roeck, Vanessa"]
[Black "Auer, Christine"]
[Result "1-0"]
[WhiteElo "1511"]
[BlackElo "1212"]
[PlyCount "53"]
[EventDate "2008.05.10"]

1. e4 e5 2. Nf3 Nc6 3. d4 d6 4. dxe5 dxe5 5. Qxd8+ Kxd8 6. Be3 Nf6 7. Nc3 Bd6
8. O-O-O Re8 9. Nb5 Re6 10. Bc4 Re7 11. Nxd6 cxd6 12. Rxd6+ Kc7 13. Bc5 Nxe4
14. Rxc6+ bxc6 15. Bxe7 Kd7 16. Bh4 f6 17. Rd1+ Ke7 18. Bd3 Bf5 19. Re1 Nd6 20.
Nxe5 Bxd3 21. cxd3 Kd8 22. Nxc6+ Kc7 23. Nd4 Rc8 24. Kb1 Kb7 25. Re7+ Kb8 26.
Bg3 Ka8 27. Bxd6 1-0

[Event "aut_ychg12_2008"]
[Site "Wien - JGH Brigittenau"]
[Date "2008.05.13"]
[Round "7.1"]
[White "Trenkwalder, Verena"]
[Black "Schnegg, Anna-Lena"]
[Result "0-1"]
[WhiteElo "1437"]
[BlackElo "1561"]
[PlyCount "60"]
[EventDate "2008.05.10"]

1. e4 c5 2. Nc3 d6 3. f4 g6 4. Nf3 Bg7 5. Bc4 Nc6 6. O-O e6 7. d3 Nge7 8. Be3
O-O 9. Qe1 d5 10. exd5 exd5 11. Bxd5 Nxd5 12. Bxc5 Re8 13. Qd2 Nxc3 14. bxc3
Qa5 15. d4 Bf5 16. a4 Rad8 17. Rfb1 b6 18. Bb4 Qa6 19. d5 Re2 20. Qc1 Nxb4 21.
Rxb4 Bxc3 22. Rb5 Rxc2 23. Qf1 Bxa1 24. Qxa1 Rc4 25. g3 Qxa4 26. Qxa4 Rxa4 27.
Ne5 Kf8 28. g4 Be4 29. Nc6 Rxd5 30. Rxd5 Bxd5 0-1

[Event "aut_ychg12_2008"]
[Site "Wien - JGH Brigittenau"]
[Date "2008.05.13"]
[Round "7.2"]
[White "Hiebler, Laura"]
[Black "Hoelzl, Sarah"]
[Result "1-0"]
[WhiteElo "1545"]
[BlackElo "1397"]
[PlyCount "95"]
[EventDate "2008.05.10"]

1. e4 c5 2. Nf3 Nc6 3. d4 cxd4 4. Nxd4 Nf6 5. Nc3 e5 6. Ndb5 d6 7. Bg5 a6 8.
Na3 h6 9. Bxf6 Qxf6 10. Nd5 Qd8 11. Nc4 Be6 12. Nce3 Nd4 13. c3 Bxd5 14. Nxd5
Nc6 15. Be2 Be7 16. O-O O-O 17. Qd3 b5 18. Rad1 Na5 19. Nxe7+ Qxe7 20. Qxd6
Qxd6 21. Rxd6 Rfd8 22. Rfd1 Nb7 23. Rxd8+ Rxd8 24. Rxd8+ Nxd8 25. c4 bxc4 26.
Bxc4 a5 27. Kf1 Kf8 28. Ke2 Ke7 29. Kd3 Kd6 30. Kc3 Kc5 31. a3 f6 32. b4+ axb4+
33. axb4+ Kb6 34. g3 Nb7 35. f4 exf4 36. gxf4 Kc6 37. Bd5+ Kb6 38. Bxb7 Kxb7
39. Kc4 Kc6 40. e5 fxe5 41. fxe5 Kd7 42. Kd5 g5 43. e6+ Ke7 44. b5 h5 45. b6
Kd8 46. b7 Kc7 47. e7 Kxb7 48. e8=Q 1-0

[Event "aut_ychg12_2008"]
[Site "Wien - JGH Brigittenau"]
[Date "2008.05.13"]
[Round "7.3"]
[White "Weyringer, Laura"]
[Black "Zoehrer, Sarah"]
[Result "0-1"]
[WhiteElo "1373"]
[BlackElo "1487"]
[PlyCount "58"]
[EventDate "2008.05.10"]

1. e4 e6 2. d4 d5 3. exd5 exd5 4. Bd3 Be6 5. Ne2 Nf6 6. O-O c5 7. dxc5 Bxc5 8.
Nd2 Nc6 9. Nf3 O-O 10. Be3 Bxe3 11. fxe3 Qb6 12. Qd2 Qxb2 13. Rab1 Qa3 14. Rxb7
Rfd8 15. Ng5 Ne4 16. Rb3 Qe7 17. Nxe4 dxe4 18. Nd4 Nxd4 19. Qb4 Qxb4 20. Rxb4
exd3 21. Rxd4 Rxd4 22. exd4 dxc2 23. Rc1 Rc8 24. Kf2 Bxa2 25. Ke2 Bb1 26. Kd2
a5 27. d5 Rd8 28. Rxc2 Bxc2 29. Kxc2 Rxd5 0-1

[Event "aut_ychg12_2008"]
[Site "Wien - JGH Brigittenau"]
[Date "2008.05.13"]
[Round "7.4"]
[White "Krassnitzer, Maria"]
[Black "Toldo, Theresa"]
[Result "0-1"]
[WhiteElo "1371"]
[BlackElo "1422"]
[PlyCount "42"]
[EventDate "2008.05.10"]

1. e4 e5 2. Nf3 Nf6 3. Nc3 Nc6 4. d4 exd4 5. Nxd4 Bb4 6. Nxc6 bxc6 7. Bg5 d5 8.
a3 Be7 9. e5 Nd7 10. Bf4 Bg5 11. Qf3 O-O 12. Bd3 Re8 13. Qg4 Bxf4 14. Qxf4 Nxe5
15. Be2 d4 16. Rd1 d3 17. O-O Ba6 18. Rfe1 Nc4 19. Bxd3 Nxb2 20. Bxh7+ Kxh7 21.
Rxd8 Rxe1# 0-1

[Event "aut_ychg12_2008"]
[Site "Wien - JGH Brigittenau"]
[Date "2008.05.13"]
[Round "7.5"]
[White "Kogler, Alexandra"]
[Black "Berger, Lisa"]
[Result "1-0"]
[WhiteElo "1494"]
[BlackElo "1467"]
[PlyCount "75"]
[EventDate "2008.05.10"]

1. d4 d5 2. c4 c6 3. Nc3 e6 4. Bf4 Nd7 5. e3 Ngf6 6. Nf3 b6 7. Bd3 Be7 8. O-O
O-O 9. h3 Bb7 10. Rc1 a5 11. b3 c5 12. Ne5 dxc4 13. Bxc4 Qc8 14. dxc5 Bxc5 15.
Nb5 Nxe5 16. Bxe5 Qc6 17. f3 Bxe3+ 18. Kh2 Bxc1 19. Qxc1 Nd5 20. Qb2 f6 21. Bg3
Ne3 22. Rc1 Nxc4 23. bxc4 e5 24. a4 Rfd8 25. Qa2 Kf8 26. Qa3+ Qc5 27. Qa2 Rd7
28. Bf2 Qc6 29. Qa3+ Ke8 30. c5 bxc5 31. Rxc5 Qe6 32. Nc7+ Rxc7 33. Rxc7 Ba6
34. Bc5 Kd8 35. Rxg7 h5 36. Bb6+ Kc8 37. Qf8+ Qe8 38. Qxe8# 1-0

[Event "aut_ychg12_2008"]
[Site "Wien - JGH Brigittenau"]
[Date "2008.05.13"]
[Round "7.6"]
[White "Dalnodar, Martina"]
[Black "Roeck, Vanessa"]
[Result "0-1"]
[WhiteElo "1402"]
[BlackElo "1511"]
[PlyCount "98"]
[EventDate "2008.05.10"]

1. d4 d5 2. Nf3 Nf6 3. Bf4 Bf5 4. e3 Nbd7 5. c4 c6 6. Nc3 e6 7. Be2 h6 8. O-O
Be7 9. Ne5 Nxe5 10. dxe5 Ne4 11. Nxe4 dxe4 12. f3 exf3 13. Bxf3 Bg5 14. e4 Bxf4
15. exf5 exf5 16. Re1 Qxd1 17. Raxd1 O-O 18. b3 Rfe8 19. g3 Bxe5 20. Bh5 Bd4+
21. Kh1 Rxe1+ 22. Rxe1 g6 23. Bf3 Rd8 24. h3 Bf2 25. Re2 Bxg3 26. Kg2 Bh4 27.
Kh2 Rd3 28. Re8+ Kg7 29. Be2 Rd2 30. Kg2 Rxa2 31. Kg1 Ra1+ 32. Kg2 Re1 33. b4
b6 34. Kf3 b5 35. cxb5 cxb5 36. Bxb5 Rxe8 37. Bxe8 Kf8 38. Bc6 g5 39. b5 h5 40.
Ke3 g4 41. hxg4 fxg4 42. Kd4 g3 43. Kc4 Ke7 44. Kb4 Bg5 45. Ka5 Be3 46. Bd5 Kd6
47. Bc6 h4 48. Be8 g2 49. Bxf7 g1=Q 0-1

[Event "aut_ychg12_2008"]
[Site "Wien - JGH Brigittenau"]
[Date "2008.05.13"]
[Round "7.7"]
[White "Auer, Christine"]
[Black "Sprinzl, Annika"]
[Result "1-0"]
[WhiteElo "1212"]
[BlackElo "1200"]
[PlyCount "81"]
[EventDate "2008.05.10"]

1. e4 e5 2. Nf3 Nc6 3. Bc4 Bc5 4. d3 d6 5. Nc3 Nf6 6. Nd5 Bg4 7. h3 Bh5 8. g4
Bg6 9. Rg1 Nxd5 10. Bxd5 Ne7 11. Bg5 h6 12. Bh4 c6 13. Bc4 Bh7 14. g5 a6 15. c3
Ba7 16. gxh6 g6 17. Ng5 f6 18. Nf7 Qb6 19. Nxh8 g5 20. Bg3 f5 21. Qh5+ Kd8 22.
b3 f4 23. Qxg5 fxg3 24. Qxg3 d5 25. exd5 cxd5 26. Bxd5 Nxd5 27. c4 Nf6 28. Rf1
Ke7 29. Qxe5+ Kd7 30. Nf7 Qxf2+ 31. Rxf2 Bxf2+ 32. Kxf2 Re8 33. Qd6+ Kc8 34.
Qxf6 Rf8 35. Ke2 Bg8 36. Rf1 Rxf7 37. Qxf7 Bxf7 38. Rxf7 Kd8 39. h7 Ke8 40.
Rxb7 Kd8 41. h8=Q# 1-0